Die Drei Fragezeichen - Die ersten 50 Hörspielfolgen - Statistiken

Allgemein
  • Dieses Quiz wurde 169 mal gespielt
  • Das Durchschnittsergebnis liegt bei 31 aus 50
Antwortstatistiken
Hint Antwort % Korrekt
1 der Super-Papagei
92%
2 der Phantomsee
88%
4 die schwarze Katze
88%
3 der Karpatenhund
86%
11 das Gespensterschloß
80%
8 der grüne Geist
75%
12 der seltsame Wecker
69%
6 der sprechende Totenkopf
69%
5 der Fluch des Rubins
67%
7 der unheimliche Drache
67%
24 die silberne Spinne
67%
14 das Bergmonster
66%
13 der lachende Schatten
66%
10 die flüsternde Mumie
66%
32 der Ameisenmensch
64%
28 der Doppelgänger
64%
46 der schrullige Millionär
64%
18 die Geisterinsel
64%
9 die rätselhaften Bilder
64%
47 der giftige Gockel
63%
20 die flammende Spur
63%
30 das Riff der Haie
61%
40 der Automarder
61%
21 der tanzende Teufel
61%
19 der Teufelsberg
61%
16 der Zauberspiegel
61%
49 die Comic-Diebe
61%
17 die gefährliche Erbschaft
61%
26 die Silbermine
61%
31 das Narbengesicht
59%
34 der rote Pirat
59%
36 der Super-Wal
59%
25 die singende Schlange
59%
33 die bedrohte Ranch
58%
23 das Aztekenschwert
56%
29 Die Originalmusik
56%
27 der magische Kreis
55%
15 der rasende Löwe
55%
39 die Perlenvögel
53%
45 das Gold der Wikinger
52%
22 der verschwundene Schatz
52%
37 der heimliche Hehler
50%
35 der Höhlenmensch
50%
38 der unsichtbare Gegner
50%
41 das Volk der Winde
48%
43 der höllische Werwolf
47%
42 der weinende Sarg
47%
48 die gefährlichen Fässer
45%
50 der verschwundene Filmstar
44%
44 der gestohlene Preis
39%
Keine übereinstimmenden Quizze gefunden
Verteilung der Resultate
Anzahl Personen mit jedem Resultat
Perzentil nach korrekt beantworteten Fragen
Ihre Resultats-Entwicklung
Sie haben dieses Quiz noch nicht gespielt